Statistics for Adam Driver Filmography

Click here to take the quiz!

General Stats

  • This quiz has been taken 169 times
    (72 since last reset)
  • The average score is 20 of 58

Answer Stats

TypeYearName% Correct
Film2015Star Wars: The Force Awakens
95%
Video Game2016Lego Star Wars: The Force Awakens
93%
Film2019Star Wars: The Rise of Skywalker
91%
Film2017Star Wars: The Last Jedi
89%
Film2019Marriage Story
86%
Film2018BlacKkKlansman
77%
Film2021House of Gucci
70%
TV Show2016, 2018, 2020Saturday Night Live
68%
Film202365
65%
TV Show2012-2017Girls
61%
Film2023Ferrari
56%
Film2021The Last Duel
51%
Film2017Logan Lucky
49%
Film2016Paterson
44%
Film2016Silence
40%
Film2012Frances Ha
37%
Film2019The Report
37%
Film2014This Is Where I Leave You
37%
Film2022White Noise
37%
Film2013The F Word
35%
Film2021Annette
33%
Film2013Inside Llewyn Davis
33%
Film2019The Dead Don't Die
33%
Film2012Lincoln
32%
Film2018The Man Who Killed Don Quixote
32%
TV Show2015The Simpsons
32%
Film2014While We're Young
32%
FilmTBAMegalopolis
28%
Theme Park Attraction2019-PresentStar Wars: Rise of the Resistance
28%
Film2017The Meyerowitz Stories (New and Selected)
26%
Film2014Hungry Hearts
25%
TV Show2010Law & Order
25%
Film2016Midnight Special
25%
Film2013Tracks
25%
Theater2019Burn This
23%
Film2011J. Edgar
23%
Film2013Bluebird
19%
Film2012Gayby
19%
TV Show2012Law & Order: Special Victims Unit
19%
TV Show2017Bob's Burgers
18%
Theater2012Look Back in Anger
18%
Theater2011Man and Boy
18%
Film2012Not Waving But Drowning
18%
Commercial2023Squarespace
18%
Theater2010The Forest
18%
Theater2010-2011Angels in America
16%
Video Game2015Disney Infinity 3.0
16%
Documentary2018Joseph Pulitzer: Voice of the People
16%
Theater2010Little Doc
16%
Theater2010Mrs. Warren's Profession
16%
Theater2009Slipping
16%
Theater2009The Retributionists
16%
TV Show2009The Unusuals
16%
TV Pilot2010The Wonderful Maladys
16%
TV Film2010You Don't Know Jack
16%
Short Film2011The Basement
11%
Short Film2010Archangel
9%
Commercial2017-2019Infiniti
5%

Score Distribution

Percentile by Number Answered

Percent of People with Each Score

Your Score History

You have not taken this quiz since the last reset